000 00945nam a22002777a 4500
001 BR2015001570
003 BR-BrBNA
005 20230928105320.0
007 ta
008 230509b bl.||||| |||| 00| 0 por d
040 _aBR-BrBNA
_bpor
_cBiblioteca Nacional de Agricultura
041 _a(Por)
072 _aL73
_b5400
090 _ 5400 BR2015001570
100 1 _aTassini, L.E. de S.
110 1 _aUniversidade Federal de Minas Gerais, Belo Horizonte (Brasil). Escola de Veterinária
_0Tese (Mestre em Ciência Animal)
245 1 _aN-Acetyl-beta-D-glucosaminidase (NAG): padronização de ensaio espectrofotométrico automático em urina de cães
260 3 _aBelo Horizonte, MG (Brasil):
_c2015.
300 _a63 p.
500 _aSummaries (Eng, Por); Bibliography p. 50-57; 18 illus.; 11 tables
650 _aCÃO
650 _aURINA
650 _aESPECTROFOTOMETRIA
909 _a202309
_bLucia
_c55
_dLucia Elande
942 _cBK
999 _c84621
_d84621